000 00576nam a2200205Ia 4500
003 OSt
005 20250424154508.0
008 220927b |||||||| |||| 00| 0 eng d
020 _a9789384898991
040 _aSDCL
_cSDCL
_beng
041 _2eng
_aeng
084 _aS:66 Q5 LR
100 _aGilbert, Elizabeth
_9409590
245 0 _aBig magic :
_bCreative living beyond fear
260 _aNew Delhi :
_bBloomsbury,
_c2015.
300 _a272p
650 _aReference
942 _cGB
_2CC
_n0
999 _c725164
_d725164